| 000 | 00557nam a2200181 i 4500 | ||
|---|---|---|---|
| 001 | 50200 | ||
| 003 | ES-MaACL | ||
| 005 | 20230906162135.0 | ||
| 007 | t| | ||
| 008 | 030801s1955 sp ||||1| spa d | ||
| 100 | 1 |
_aCuesta, N. _942047 |
|
| 245 | 1 | 0 |
_aSobre la aritmetización del transfinito / _cN. Cuesta. |
| 260 |
_aSalamanca : _bUniversidad de Salamanca, _c1955 ( _fC. Bermejo) |
||
| 300 |
_a10 p. ; _c24 cm. |
||
| 500 | _aPrecede al tÃt.: Acta Salmanticensia. | ||
| 710 | 2 |
_aUniversidad de Salamanca. _97275 |
|
| 852 |
_aES-MaACL _j2006-F-25 _bR.38009 |
||
| 999 |
_c50200 _d50200 |
||